000
00492nam a2200145Ia 4500
008
100122s9999 xx 000 0 und d
082
_b
13409
_a
823
100
_a
जोशी य गो
245
_a
शेवग्याच्या शेंगा
260
_b
पंडित अनंत कुलकर्णी
_c
1963
300
_a
144
630
_a
शेवग्याच्या शेंगा
730
_a
शेवग्याच्या शेंगा
942
_c
BOOK
999
_c
404231
_d
404228